Song by Opening Lyric #7 - Statistics

General Stats
  • This quiz has been taken 32 times
  • The average score is 8 of 40
Answer Stats
Opening Lyric Song Artist % Correct
- The Big Bang Theory -
64%
- Maroon 5 -
43%
- Memories -
43%
- Smells Like Teen Spirit -
43%
- What's Up -
39%
- Nirvana -
36%
- 4-Non Blondes -
32%
- Barenaked Ladies -
29%
- Eagles -
29%
- Feel it Still -
29%
- Life in the Fast Lane -
29%
- Portugal. The Man -
29%
- All By Myself -
25%
- A Change Is Gonna Come -
21%
- I Wanna Be Sedated -
21%
- Billy Joel -
18%
- Highwaymen -
18%
- You May Be Right -
18%
- Celine Dion -
14%
- Chris Stapleton -
14%
- Cleopatra -
14%
- Ramones -
14%
- Ruby -
14%
- Sam Cooke -
14%
- Tennessee Whiskey -
14%
- The Highwaymen -
14%
- Always Something There to Remind Me -
11%
- Feathered Indians -
11%
- Kaiser Chiefs -
11%
- The Lumineers -
11%
- Tyler Childers -
11%
- Cold, Cold Heart -
7%
- Hank Williams -
7%
- Naked Eye -
7%
- The Go-Go's -
7%
- The Lighthouse's Tale -
7%
- The Promise -
7%
- Vacation -
7%
- When in Rome -
7%
- Nickel Creek -
4%
No matching quizzes found
Score Distribution
Percent of People with Each Score
Percentile by Number Answered
Your Score History
You have not taken this quiz